International routes from Tokyo Narita International Airport (NRT) - Statistics

General Stats
  • This quiz has been taken 56 times
    19 since last reset
  • The average score is 141 of 200
Answer Stats
Airlines International Route Country % Correct
Vietnam Airlines Da Nang Vietnam
100%
Air Busan | Jeju Air | Jin Air | Korean Air Busan South Korea
93%
ANA | Japan Airlines Jakarta-Soekarno-Hatta Indonesia
93%
ANA | Batik Air Malaysia | Japan Airlines | Malaysia Airlines Kuala Lumpur-International Malaysia
93%
ANA | Cebu Pacific | Japan Airlines | +4 others Manila Phillippines
93%
Japan Airlines | Qantas Melbourne Australia
93%
Aero K | Air Premia | Air Seoul | +7 others Seoul-Incheon South Korea
93%
Air New Zealand Auckland New Zealand
86%
Thai Air Asia | Thai Air Asia X | Thai Lion Air Bangkok-Don Mueang Thailand
86%
ANA | Japan Airlines | Thai Airways International | Zip Air Tokyo Bangkok-Suvarnabhumi Thailand
86%
Air China | Hainan Airlines | Spring Airlines Japan Beijing-Capital China
86%
Jetstar | Qantas Brisbane Australia
86%
Japan Airlines Delhi India
86%
ANA | Japan Airlines | Singapore Airlines | +2 others Los Angeles United States of America
86%
ANA | Aeromexico Mexico City Mexico
86%
ANA Perth Australia
86%
Japan Airlines San Diego United States of America
86%
ANA | Japan Airlines | United Airlines San Francisco United States of America
86%
Zip Air Tokyo San Franscisco United States of America
86%
Zip Air Tokyo San Jose United States of America
86%
ANA | Air China | China Eastern Airlines | +6 others Shanghai-Pudong China
86%
ANA | Japan Airlines | Scoot | +2 others Singapore Singapore
86%
Cathay Pacific | China Airlines | EVA Air | +6 others Taipei-Taoyuan Taiwan
86%
El Al Tel Aviv Israel
86%
Etihad Airways Abu Dhabi United Arab Emirates
79%
Ethiopian Airlines Addis Ababa Ethiopia
79%
KLM Amsterdam Netherlands
79%
Egyptair Cairo Egypt
79%
Emirates Dubai United Arab Emirates
79%
Japan Airlines Frankfurt Germany
79%
ANA | Japan Airlines | VietJet Air | Vietnam Airlines Hanoi Vietnam
79%
ANA | Japan Airlines | VietJet Air | Vietnam Airlines Ho Chi Minh City Vietnam
79%
ANA | Cathay Pacific | Greater Bay Airlines | +4 others Hong Kong China
79%
ANA | Hawaiian Airlines | Japan Airlines | Zip Air Tokyo Honolulu United States of America
79%
Air Canada Montreal-Trudeau Canada
79%
ANA Mumbai-Shivaji India
79%
Air Cambodia Phnom Penh Cambodia
79%
Alaska Airlines | Hawaiian Airlines | Japan Airlines Seattle/Tacoma United States of America
79%
Air Canada Toronto-Pearson Canada
79%
Air Canada | Japan Airlines | Zip Air Tokyo Vancouver Canada
79%
Japan Airlines Bengaluru India
71%
ANA Brussels Belgium
71%
Cebu Pacific | Phillippine Airlines | United Airlines Cebu Phillippines
71%
American Airlines Dallas/Fort Worth United States of America
71%
Garuda Indonesia Denpasar Indonesia
71%
Qatar Airways Doha Qatar
71%
Finnair Helsinki Finland
71%
United Airlines | Zip Air Tokyo Houston-Intercontinental United States of America
71%
Turkish Airlines Istanbul Turkiye
71%
Iberia Madrid Spain
71%
China Southern Airlines | Shenzhen Airlines Shenzhen China
71%
Austrian Airlines Vienna Austria
71%
LOT Polish Airlines Warsaw-Chopin Poland
71%
Jetstar Cairns Australia
64%
WestJet Calgary Canada
64%
Air China | Sichuan Airlines Chengdu-Tianfu China
64%
ANA | Japan Airlines Chicago-O'Hare United States of America
64%
China Southern Airlines Guangzhou China
64%
Korean Air Jeju South Korea
64%
Nepal Airlines Kathmandu Nepal
64%
Air Macau Macau China
64%
MIAT Mongolian Airlines | United Airlines Ulaanbaatar Mongolia
64%
Royal Brunei Airlines Bandar Seri Begawan Brunei
57%
Japan Airlines Boston United States of America
57%
Air China Chongqing China
57%
Fiji Airways Nadi Fiji
57%
Uzbekistan Airways Tashkent Uzbekistan
57%
China Eastern Airlines | China Southern Airlines Wuhan China
57%
China Eastern Airlines | Hainan Airlines Xi'an China
57%
Swiss International Airlines Zurich Switzerland
57%
ANA | Air China | China Southern Airlines | Spring Airlines Japan Dalian China
50%
United Airlines Denver United States of America
50%
China Eastern Airlines | China Southern Airlines | Spring Airlines Japan Harbin China
50%
Xiamen Air Xiamen China
50%
China Airlines | EVA Air | Jetstar Japan | +3 others Kaohsiung Taiwan
43%
China Eastern Airlines Kunming China
43%
China Eastern Airlines Nanjing China
43%
United Airlines Newark United States of America
43%
China Eastern Airlines Qingdao China
43%
China Southern Airlines Shenyang China
43%
Air China | Spring Airlines Japan Tianjin China
43%
Cebu Pacific Clark Phillippines
36%
Hainan Airlines Haikou China
36%
Aeromexico Monterrey Mexico
36%
Air Tahiti Nui Papeete France
36%
Tiger Air Taiwan Taichung Taiwan
36%
China Southern Airlines Changsha China
29%
Air Cambodia | Xiamen Air Fuzhou China
29%
Japan Airlines | United Airlines Guam United States of America
29%
United Airlines Koror Palau
29%
Zip Air Tokyo Orlando United States of America
29%
China Southern Airlines Zhengzhou China
29%
ANA | Air China | Spring Airlines Hangzhou China
21%
United Airlines Saipan United States of America
21%
China Southern Airlines Changchun China
14%
Aero K Cheongju South Korea
14%
Jin Air Muan South Korea
14%
Spring Airlines Japan Ningbo China
14%
Spring Airlines Shijiazhuang China
7%
No matching quizzes found
Score Distribution
Percent of People with Each Score
Percentile by Number Answered
Your Score History
You have not taken this quiz since the last reset